|
|
|
|
| LEADER |
00000cam a2200000 i 4500 |
| 001 |
1/349 |
| 008 |
000403s1998 nyu| ||| |||| ||eng|| |
| 020 |
|
|
|a 1859732550
|
| 035 |
|
|
|l 10059626
|
| 040 |
|
|
|a GR-MyUa
|b gre
|e AACR2
|
| 041 |
0 |
|
|a eng
|
| 082 |
7 |
|
|a 305.420917671
|2 (22)
|
| 245 |
0 |
0 |
|a Women and Islamization :
|b contemporary dimensions of discourse on gender relations /
|c edited by Karin Ask and Marit Tjomsland.
|
| 260 |
|
|
|a New York :
|b Berg,
|c c1998.
|
| 300 |
|
|
|a 199 σ. ;
|c 25 εκ.
|
| 504 |
|
|
|a Περιλαμβάνει βιβλιογραφικές παραπομπές και ευρετήριο.
|
| 650 |
0 |
0 |
|a Muslim women.
|
| 650 |
0 |
0 |
|a Muslim women
|x Conduct of life.
|
| 650 |
0 |
0 |
|a Muslim women
|x Religious life.
|
| 650 |
0 |
0 |
|a Sex role
|x Religious aspects
|x Islam.
|
| 700 |
1 |
|
|a Ask, Karin,
|e edtf
|
| 700 |
1 |
|
|a Tjomsland, Marit,
|e edtf
|
| 852 |
|
|
|a INST
|b LESVOS
|e 20000403
|h 305.420917671 WOM
|p 005100024489
|q 005100024489
|t BK
|y 0
|
| 901 |
|
|
|a BIBL1-2000-2
|
| 922 |
|
|
|a 1ΕΛΗ
|b 200003
|c ΚΠΣ/ΤΚΑ
|d ΠΑΠΑΣΩΤΗΡΙΟΥ
|
| 950 |
|
|
|a 117-1999-11-26
|
| 970 |
|
|
|a ΜΟΥΣΤΑΚΑ
|b ΠΗΝΕΛΟΠΗ
|z 2000/05/09
|